Music Acts - D - Statistics

General Stats
  • This quiz has been taken 33 times
  • The average score is 6 of 15
Answer Stats
Hint Answer % Correct
Notorious, Girls On Film (UK) Duran Duran
84%
You Spin Me Round (Like A Record), My Heart Goes Bang (UK) Dead Or Alive
69%
Puppy Love , Soldier Of Love (US) Donny Osmond
66%
Romeo And Juliet, Twisting By The Pool (UK) Dire Straits
59%
Listen To The Music, Long train Running (US) Doobie Brothers
59%
Move Over Darling, Que Sera Sera (US) Doris Day
50%
On The Radio, State Of Independence (US) Donna Summer
38%
Save The Last Dance For Me, There Goes My First Love (US) The Drifters
38%
Remember Me, My Old Piano (US) Diana Ross
25%
Eloise, Grimly Fiendish (UK) The Damned
25%
Shake Your Love, Only In My Dreams (US) Debbie Gibson
19%
Driver With The Brakes On, Nothing Ever Happens (UK) Del Amitri
19%
You Think You're A Man, Walk Like A Man (US) Divine
19%
Duke Of Earl, Get It (UK) Darts
9%
Wanted, The Chosen Few (UK) The Dooleys
3%
No matching quizzes found
Score Distribution
Percent of People with Each Score
Percentile by Number Answered
Your Score History
You have not taken this quiz